| 000 | 00991nam a2200265 i 4500 | ||
|---|---|---|---|
| 001 | 188811 | ||
| 003 | SpMaBN | ||
| 005 | 20231230205016.0 | ||
| 008 | 190215s1979 sp f |||| | spa d | ||
| 020 | _a84-00-04453-3 | ||
| 080 | _a391(46)"14" | ||
| 100 | 1 |
_aBernis, Carmen. _9153201 |
|
| 245 | 1 | 0 |
_aTrajes y modas en la España de los Reyes Católicos. _nII, _pLos hombres / _cCarmen Bernis. |
| 260 |
_aMadrid : _bInstituto Diego Velázquez, del Consejo Superior de Investigaciones Científicas, _c1979. |
||
| 300 |
_a1 v. (175 p., XLVIII p. de lám.) ; _c23 cm. |
||
| 490 | 1 | _aArtes y artistas | |
| 505 | 8 |
_aContiene: 2 ; _tLos hombres |
|
| 650 | 7 |
_aTraje- _zEspaña- _yS.XV. _9166333 |
|
| 710 | 2 |
_aInstituto Diego Velázquez. _95021 |
|
| 830 | 0 |
_aArtes y artistas _9186467 |
|
| 852 |
_aES-MaACL _jA-14344 _9195945 _bR.151287 _cDEPO1 _dOlim: N-7344 _hDonación: Casa de Velázquez |
||
| 914 |
_92477 _aCasa de Velázquez _ednr |
||
| 942 |
_2udc _cMONOGRAFIA |
||
| 999 |
_c188811 _d188811 |
||